Die sächsischen Grenadiere in der Schlacht bei Hohenfriedeberg am 4. Juni 1745 / (Record no. 23611)

MARC details
000 -LEADER
fixed length control field 00927cam a22002531a 4500
001 - CONTROL NUMBER
control field g 01000976
003 - CONTROL NUMBER IDENTIFIER
control field DLC
005 - DATE AND TIME OF LATEST TRANSACTION
control field 20260227111253.0
008 - FIXED-LENGTH DATA ELEMENTS--GENERAL INFORMATION
fixed length control field 871105s1900 gw bf b 000 0 ger
010 ## - LIBRARY OF CONGRESS CONTROL NUMBER
LC control number g 01000976
035 ## - SYSTEM CONTROL NUMBER
System control number (OCoLC)19942593
040 ## - CATALOGING SOURCE
Original cataloging agency DLC
Transcribing agency PU
Modifying agency DLC
043 ## - GEOGRAPHIC AREA CODE
Geographic area code e-pl---
-- e-ge---
050 00 - LIBRARY OF CONGRESS CALL NUMBER
Classification number DD407.H7
Item number V9
100 1# - MAIN ENTRY--PERSONAL NAME
Personal name Vorberg, Georg,
Dates associated with a name 1867-
245 14 - TITLE STATEMENT
Title Die sächsischen Grenadiere in der Schlacht bei Hohenfriedeberg am 4. Juni 1745 /
Statement of responsibility, etc. vorgelegt von Georg Vorberg.
260 ## - PUBLICATION, DISTRIBUTION, ETC.
Place of publication, distribution, etc. Dresden :
Name of publisher, distributor, etc. In Kommission bei W. Baensch,
Date of publication, distribution, etc. 1900.
300 ## - PHYSICAL DESCRIPTION
Extent 89 p., [1] folded leaf of plates :
Other physical details maps ;
Dimensions 21 cm.
500 ## - GENERAL NOTE
General note "Sonder-Abzug aus dem Neuen Archiv für Sächische Geschichte und Altertumskunde": t.p. verso.
500 ## - GENERAL NOTE
General note Vita.
504 ## - BIBLIOGRAPHY, ETC. NOTE
Bibliography, etc. note Includes bibliographical references.
650 #0 - SUBJECT ADDED ENTRY--TOPICAL TERM
Topical term or geographic name entry element Hohenfriedberg, Battle of, Poland, 1745.
610 10 - SUBJECT ADDED ENTRY--CORPORATE NAME
Corporate name or jurisdiction name as entry element Saxony (Kingdom).
Subordinate unit Armee
General subdivision Organization.

No items available.

Powered by Koha